Desarrollo, crecimiento demográfico y educación (Record no. 65692)

MARC details
000 -CABECERA
campo de control de longitud fija 00679nam a2200229 a 4500
005 - FECHA Y HORA DE LA ÚLTIMA TRANSACCIÓN
campo de control 20210219153006.0
008 - ELEMENTOS DE LONGITUD FIJA--INFORMACIÓN GENERAL
campo de control de longitud fija 991125n 000 0 u
035 ## - NÚMERO DE CONTROL DEL SISTEMA
Número de control de sistema UPN01000071758
100 ## - ASIENTO PRINCIPAL--NOMBRE PERSONAL
Nombre de persona JAIMES, Amilcar
222 ## - TÍTULO CLAVE
Título clave EDUCACION :
Información calificativa REVISTA DEL CONSEJO NACIONAL TECNICO DE LA EDUCACION
245 ## - MENCIÓN DE TÍTULO
Título Desarrollo, crecimiento demográfico y educación
300 ## - DESCRIPCIÓN FÍSICA
Extensión 33-50
362 ## - FECHAS DE PUBLICACIÓN Y/O DESIGNACIÓN SECUENCIAL
Fecha de publicación y/o designación secuencial 1975 3ê época, vol. 3, no. 11 ene.-feb.
653 0# - TERMINO DE INDIZACION - NO CONTROLADO
Término no controlado DEMOGRAFIA
653 0# - TERMINO DE INDIZACION - NO CONTROLADO
Término no controlado DESARROLLO ECONOMICO
653 0# - TERMINO DE INDIZACION - NO CONTROLADO
Término no controlado ECONOMIA EDUCATIVA
653 0# - TERMINO DE INDIZACION - NO CONTROLADO
Término no controlado PAISES DESARROLLADOS
653 0# - TERMINO DE INDIZACION - NO CONTROLADO
Término no controlado PAISES EN DESARROLLO
653 0# - TERMINO DE INDIZACION - NO CONTROLADO
Término no controlado POBLACION
904 ## - ELEMENTOS DE DATOS D LOCAL, LDD (RLIN)
a AC
b 009569
905 ## - TIPO DE MATERIAL
Tipo de material Articulo

No items available.